小田急電鉄のご当地接近メロディー - Statistics

General Stats
  • This quiz has been taken 5 times
  • The average score is 7 of 17
Answer Stats
Answer % Correct
ドラえもんのうた
80%
揺れる思い
80%
SAKURA
80%
水と緑のまち
60%
きてよパーマン
60%
夢をかなえてドラえもん
60%
負けないで
60%
YELL
60%
知床旅情
40%
はじめてのチュウ
40%
ウルトラセブンの歌
20%
ウルトラマンの歌
20%
ワタリドリ
20%
ニュルンベルクのマイスタージンガー
20%
I For You
20%
ROSIER
20%
交響曲第4番「イタリア」
0%
No matching quizzes found
Score Distribution
Percent of People with Each Score
Percentile by Number Answered
Your Score History
You have not taken this quiz